[Event "Lubuska Wiosna op 3rd"]
[Site "Gorzow Wielkopolski"]
[Date "2007.04.09"]
[Round "8"]
[White "Matla, Mateusz"]
[Black "Galazewski, Tomasz"]
[Result "1/2-1/2"]
[WhiteElo "2039"]
[BlackElo "2232"]
[PlyCount "69"]
[EventDate "2007.04.06"]
[EventType "swiss"]
[EventRounds "9"]
[EventCountry "POL"]
[SourceTitle "EXT 2011"]
[Source "ChessBase"]
[SourceDate "2010.11.26"]
[SourceVersion "1"]
[SourceVersionDate "2010.11.26"]
[SourceQuality "1"]

1. e4 c5 2. b4 cxb4 3. a3 d5 4. e5 Nc6 5. d4 Bf5 6. Bd3 Nxd4 7. Bxf5 Nxf5 8. g4 Nfh6 9. axb4 e6 10. c3 f6 11. exf6 gxf6 12. Nh3 Nf7 13. Nf4 Qd7 14. 0-0 Bd6 15. Nh5 Kf8 16. Qf3 e5 17. h3 e4 18. Qe3 Ne5 19. Nd2 Nxg4 20. hxg4 Qxg4+ 21. Ng3 h5 22. Ndxe4 dxe4 23. Qxe4 Bxg3 24. Qxg4 Bxf2+ 25. Kxf2 hxg4 26. Kg3 Rh3+ 27. Kxg4 Rxc3 28. Bb2 Rc4+ 29. Rf4 Rxf4+ 30. Kxf4 Kf7 31. b5 Ne7 32. Rd1 Rc8 33. Rd7 Rc4+ 34. Kf3 Rb4 35. Rxe7+ 1/2-1/2

[Event "Lubuska Wiosna op 3rd"]
[Site "Gorzow Wielkopolski"]
[Date "2007.04.08"]
[Round "6"]
[White "Witek, Tomasz"]
[Black "Matla, Mateusz"]
[Result "0-1"]
[WhiteElo "2109"]
[BlackElo "2039"]
[PlyCount "61"]
[EventDate "2007.04.06"]
[EventType "swiss"]
[EventRounds "9"]
[EventCountry "POL"]
[SourceTitle "EXT 2011"]
[Source "ChessBase"]
[SourceDate "2010.11.26"]
[SourceVersion "1"]
[SourceVersionDate "2010.11.26"]
[SourceQuality "1"]

1. d4 d5 2. Nf3 Nf6 3. Bg5 e6 4. e3 b6 5. Nbd2 Bb7 6. Bd3 Be7 7. 0-0 c5 8. c3 Ne4 9. Bxe7 Qxe7 10. Ne5 0-0 11. Bxe4 dxe4 12. Qc2 f6 13. Nec4 f5 14. Ne5 Nd7 15. Nxd7 Qxd7 16. Rfd1 cxd4 17. exd4 Rac8 18. Nf1 f4 19. c4 Rf6 20. Rd2 Rh6 21. Rad1 f3 22. g3 e5 23. h4 Rxh4 24. Ne3 Rh6 25. g4 exd4 26. Rxd4 Qc7 27. Nf1 Qf4 28. Rd8+ Rxd8 29. Rxd8+ Kf7 30. Ng3 Qxg4 31. Kf1 0-1

[Event "POL-ch U18"]
[Site "Leba"]
[Date "2007.03.27"]
[Round "6"]
[White "Matla, Mateusz"]
[Black "Tomczak, Jacek"]
[Result "0-1"]
[WhiteElo "2039"]
[BlackElo "2457"]
[PlyCount "58"]
[EventDate "2007.03.24"]
[EventType "swiss"]
[EventRounds "11"]
[EventCountry "POL"]
[SourceTitle "EXT 2011"]
[Source "ChessBase"]
[SourceDate "2010.11.26"]
[SourceVersion "1"]
[SourceVersionDate "2010.11.26"]
[SourceQuality "1"]

1. e4 d5 2. exd5 Qxd5 3. Nc3 Qa5 4. d4 Nf6 5. Nf3 c6 6. Bc4 Bf5 7. Bd2 e6 8. Nd5 Qd8 9. Nxf6+ Qxf6 10. Qe2 Nd7 11. 0-0-0 Bg4 12. d5 Bxf3 13. gxf3 cxd5 14. Bxd5 0-0-0 15. Bxb7+ Kxb7 16. Qe4+ Ka6 17. Qa4+ Kb7 18. Qe4+ Kc8 19. Qc6+ Kb8 20. Qb5+ Nb6 21. Bc3 Qh6+ 22. Kb1 Be7 23. a4 Qh4 24. f4 Qxf2 25. Qc6 Qxf4 26. a5 Nd5 27. Qb5+ Kc7 28. Be1 Rb8 29. Qe2 Rxb2+ 0-1

[Event "Krakow op-B"]
[Site "Krakow"]
[Date "2006.01.04"]
[Round "9"]
[White "Matla, Mateusz"]
[Black "Jaroch, Pawel"]
[Result "1-0"]
[WhiteElo "2022"]
[BlackElo "2095"]
[PlyCount "87"]
[EventDate "2005.12.27"]
[EventType "swiss"]
[EventRounds "9"]
[EventCountry "POL"]
[SourceTitle "CBM 110 Extra"]
[Source "ChessBase"]
[SourceDate "2006.03.10"]
[SourceVersion "2"]
[SourceVersionDate "2006.03.10"]
[SourceQuality "1"]

1. e4 a6 2. Nf3 b5 3. d4 Bb7 4. Bd3 e6 5. 0-0 Nf6 6. Re1 Be7 7. b3 d6 8. c4 c6 9. Qc2 Nfd7 10. e5 dxe5 11. dxe5 Nc5 12. Bf1 b4 13. Be3 Nbd7 14. Nbd2 Qc7 15. Bf4 a5 16. Rad1 h6 17. Bg3 g5 18. Nd4 h5 19. h3 0-0-0 20. a3 Rdg8 21. axb4 axb4 22. Nf5 exf5 23. e6 f4 24. exd7+ Kd8 25. Bh2 Rh6 26. Ne4 Nxd7 27. c5 Kc8 28. Qc4 Ne5 29. Qxb4 Re6 30. Nd6+ Bxd6 31. cxd6 Qd7 32. h4 Ng4 33. hxg5 Nxh2 34. Kxh2 Rxg5 35. Rxe6 fxe6 36. Qxf4 Rf5 37. Qh6 Kb8 38. Bc4 Bc8 39. f3 e5 40. Qe3 Qd8 41. Kg1 h4 42. d7 Bb7 43. Be6 Rh5 44. Bg4 1-0

[Event "POL-ch U16"]
[Site "Leba"]
[Date "2004.03.29"]
[Round "4"]
[White "Pazdziora, Michal"]
[Black "Matla, Mateusz"]
[Result "1-0"]
[WhiteElo "2050"]
[BlackElo "1934"]
[PlyCount "63"]
[EventDate "2004.03.27"]
[EventType "swiss"]
[EventRounds "11"]
[EventCountry "POL"]
[SourceTitle "EXT 2005"]
[Source "ChessBase"]
[SourceDate "2004.11.15"]
[SourceVersion "1"]
[SourceVersionDate "2004.11.15"]
[SourceQuality "1"]

1. d4 c5 2. d5 e5 3. Nc3 d6 4. e4 a6 5. a4 g6 6. Be2 h5 7. Nf3 Bh6 8. Bxh6 Nxh6 9. Nd2 Nd7 10. 0-0 Ng4 11. Bxg4 hxg4 12. Qxg4 Nf6 13. Qg3 Nh5 14. Qe3 Qe7 15. Ne2 g5 16. Nc4 Bg4 17. f3 Bd7 18. Nb6 Rb8 19. Nxd7 Kxd7 20. Ng3 Nxg3 21. hxg3 b6 22. Qd3 Ra8 23. Kf2 Kc7 24. a5 b5 25. b4 Qf6 26. c4 g4 27. cxb5 gxf3 28. b6+ Kb7 29. Qxf3 Qxf3+ 30. Kxf3 cxb4 31. Rac1 Rac8 32. Ke3 1-0

[Event "POL-ch U16"]
[Site "Leba"]
[Date "2004.03.28"]
[Round "2"]
[White "Motyka, Michal"]
[Black "Matla, Mateusz"]
[Result "1-0"]
[WhiteElo "2231"]
[BlackElo "1934"]
[PlyCount "45"]
[EventDate "2004.03.27"]
[EventType "swiss"]
[EventRounds "11"]
[EventCountry "POL"]
[SourceTitle "EXT 2005"]
[Source "ChessBase"]
[SourceDate "2004.11.15"]
[SourceVersion "1"]
[SourceVersionDate "2004.11.15"]
[SourceQuality "1"]

1. e4 e6 2. d4 d5 3. e5 c5 4. Nf3 cxd4 5. Bd3 Ne7 6. Bf4 Nd7 7. 0-0 Nc6 8. Nbd2 Be7 9. Nb3 0-0 10. Nfxd4 Ncxe5 11. Bxe5 Nxe5 12. Bxh7+ Kxh7 13. Qh5+ Kg8 14. Qxe5 Bd6 15. Qh5 Qf6 16. c3 g6 17. Qe2 Kg7 18. f4 Bd7 19. g3 a6 20. Nd2 Qd8 21. N2f3 Qb6 22. Qf2 f6 23. Nxe6+ 1-0